| 000 | 00775nam a22002297a 4500 | ||
|---|---|---|---|
| 999 |
_c11102 _d11102 |
||
| 003 | AR-CdUCM | ||
| 008 | 190402b ||||| |||| 00| 0 spa d | ||
| 040 |
_aMUNICIPALIDAD PROVINCIAL DEL CUSCO _cBIBLIOTECA MUNICIPAL DEL CUSCO |
||
| 082 |
_a868.324 / _bC48I / 1930 |
||
| 100 |
_aCervantes Saavedra, Miguel de _93055 |
||
| 245 | _aEl Ingenioso Hidalgo don Quijote de la Mancha / | ||
| 260 |
_aBarcelona : _bB. Bauzá, _c1930. |
||
| 300 |
_a533, VI páginas ; _bilustraciones, láminas, _c29 cm. |
||
| 505 | _aContenido: Novela. | ||
| 650 |
_aNovelas españolas _9584 |
||
| 650 |
_aSiglos XV-XVII _99373 |
||
| 650 |
_aLiteratura _983 |
||
| 700 |
_aClemencín (comentado) _928271 |
||
| 700 |
_aDoré, Gustavo (ilustraciones) _928272 |
||
| 942 |
_2ddc _cLIBROS |
||
| 945 | _aachl | ||